00625nam a2200217 a 450000100100000000500170001000800410002702000150006808200170008310000180010024500490011825000120016726000300017930000150020949000230022450000770024765000210032465000270034565000220037299900130039400001277720200120221920.0990708s1992 sp a gr 000 0 spa d a843298342X04a686.302bC870 aCusa, Juan de10aCómo encuadernar un libro /cjuan de Cusa. a3a. ed. aBarcelona :bCEAC,c1992. a44p. : il. aCómo hacerlov42 aEj.1 de Marichuela donado por la Secretaría de Educación de Bogotá14aEncuadernación14aDecoración de libros14aTrabajos manuales c801d801